Statistics for Biggest Cities in the United Arab Emirates

Click here to take the quiz!

General Stats

  • This quiz has been taken 130 times
    (8 since last reset)
  • The average score is 5 of 10

Answer Stats

Population City % Correct
2,401,067Dubai
100%
1,202,756Abu Dhabi
100%
1,274,749Sharjah
63%
496,205Al Ain
63%
263,000Ras-al-Khaimah
63%
92,201Fujairah
50%
450,000Ajman
38%
39,151Khor Fakkan
13%
37,545Kalba
13%
29,301Dibba
0%

Score Distribution

Percentile by Number Answered

Percent of People with Each Score

Your Score History

You have not taken this quiz since the last reset